Ferdinando el toro /
Guardado en:
| Autor Principal: | |
|---|---|
| Otros Autores: | , |
| Formato: | Libro |
| Publicado: |
Buenos Aires :
El libro de Arena,
2013
|
| Materias: | |
| Etiquetas: |
Agregar Etiqueta
Sin Etiquetas, Sea el primero en etiquetar este registro!
|
| LEADER | 00922nam a22002655a 4500 | ||
|---|---|---|---|
| 001 | CEM.cems015378 | ||
| 005 | 20191129162705.0 | ||
| 008 | 130507s2013##################000#0#####d | ||
| 003 | CEMS | ||
| 020 | |a 9789872901004 | ||
| 082 | 0 | 4 | |a 818.3 |
| 100 | 1 | |a Leaf, Munro | |
| 245 | 1 | 0 | |a Ferdinando el toro / |c Munro Leaf ; ilustrado Por Werner Klemke ; traducido Por Jacqueline Ruzafa |
| 260 | |a Buenos Aires : |b El libro de Arena, |c 2013 | ||
| 300 | |a 80 p. | ||
| 500 | |a Título original: The story of Ferdinando" | ||
| 653 | |a Literatura | ||
| 653 | |a Literatura norteamericana | ||
| 653 | |a Literatura infantil | ||
| 653 | |a Cuentos infantiles | ||
| 653 | |a Colección ciencias de la educación | ||
| 700 | 1 | |a Klemke, Werner; il. | |
| 700 | 1 | |a Rusafa, Jaqcueline; trad. | |
| 859 | |a CEMS |b BIB. CEMS - Ccias. Educacion |h 818.3 |i L461 |k CE |p 28690.19 |t Ej.1 | ||
| 859 | |a CEMS |b BIB. CEMS - Ccias. Educacion |h 818.3 |i L461 |k CE |p 28826.19 |t Ej.2 | ||
